00875nam a2200217Ia 4500008004100000020001800041040001800059041000800077100002900085245015000114260005000264300003000314490006500344504002800409650003300437650006200470650002600532650004200558700002800600700002900628130821s2008 sp a gr spa  a9788436817027 aCo-BoUCMbspa00aspa1 aHidalgo Nuchera, Antonio13aLa gestión de la innovación y la tecnología en las organizacionescAntonio Hidalgo Nuchera, Gonzalo León Serrano, Julián Pavón Morote aMadrid (España)bEdiciones Pirámidec2008 a559 páginasbgráficas 0aColección "Economia y Empresa" / Miguel Santesmases Mestre aIncluye bibliografía.04aAdministración de empresas04aAdministración de empresasxInnovaciones tecnológicas04aCambio organizacional04aEmpresasxInnovaciones tecnológicas1 aLeón Serrano, Gonzalo1 aPavón Morote, Julián